Statistics for All Dean Lewis Songs

Click here to take the quiz!

General Stats

  • This quiz has been taken 130 times
  • The average score is 9 of 19

Answer Stats

Answer% Correct
Waves
89%
Be Alright
82%
Half a Man
66%
7 Minutes
63%
Chemicals
56%
Falling Up
51%
Looks Like Me
46%
Hold of Me
44%
Don't Hold Me
43%
Stay Awake
43%
A Place We Knew
41%
Time to Go
41%
Straight Back Down
37%
For the Last Time
35%
Lose My Mind
34%
Need You Now
34%
Adore
33%
Let Go
29%
Used to Love
27%

Score Distribution

Percentile by Number Answered

Percent of People with Each Score

Your Score History

You have not taken this quiz